Footballers by Picture - Statistics

General Stats
  • This quiz has been taken 196 times
  • The average score is 13 of 20
Answer Stats
Picture Answer % Correct
Neymar Jr.
99%
David Beckham
97%
Gareth Bale
97%
Diego Maradona
95%
Eden Hazard
93%
Jamie Vardy
88%
Xavi Hernandez
87%
John Terry
86%
Timo Werner
77%
Marc Andre Ter Stegen
70%
Roy Keane
63%
Tim Cahill
51%
Shinji Kagawa
50%
George Weah
45%
Dwight Yorke
36%
Fabio Cannavaro
34%
Esteban Cambiasso
28%
Juninho Pernambucano
26%
Winston Reid
21%
Davor Šuker
13%
No matching quizzes found
Score Distribution
Percent of People with Each Score
Percentile by Number Answered
Your Score History
You have not taken this quiz